En el décimo aniversario de la revolución cubana /

Tallennettuna:
Bibliografiset tiedot
Päätekijä: Silva Herzog, Jesús, 1893-
Aineistotyyppi: Tuntematon
Kieli:Spanish
Aiheet:
Tagit: Lisää tagi
Ei tageja, Lisää ensimmäinen tagi!

MARC

LEADER 000000000a22000000004500
001 002326
041 0 |a spa 
100 1 |a Silva Herzog, Jesús,   |d 1893- 
245 1 0 |a En el décimo aniversario de la revolución cubana /   |c Jesús Silva Herzog. 
310 |a bimestral 
650 4 |a REVOLUCION CUBANA 
650 4 |a UNION SOVIETICA 
773 0 |x 008-7157  |d Cuba : Editorial Casa de las Américas  |t Casa de las Américas  |g número 51-52 (1968-1969), páginas 64-65 
942 |c ARC 
999 |c 9846  |d 9846